000
00234nam a22000857a 4500
008
160706b xxu||||| |||| 00| 0 eng d
100
_9
2339
_a
Dandwal, P., et al
245
_a
Idare!' Kiran Bedi: A Biography
260
_a
New Delhi
_b
UBS
_c
1995
999
_c
2016
_d
2016